Κατάλογος Βιβλιοθηκών Mediterranean College

Ελληνικό Γενικό Λογιστικό Σχέδιο / Β' Έκδοση: Τροποποιημένη και Συμπληρωμένη (Record no. 5417)

MARC details
000 -LEADER
fixed length control field 01665cam a22001814a 4500
005 - ΗΜΕΡΟΜΗΝΙΑ ΚΑΙ ΩΡΑ ΤΕΛΕΥΤΑΙΑΣ ΕΝΗΜΕΡΩΣΗΣ
Πεδίο ελέγχου 20250605163502.0
008 - FIXED-LENGTH DATA ELEMENTS--GENERAL INFORMATION
Πεδίο ελέγχου σταθερού μήκους 250528s ||||||||||||||||||||||||d
035 ## - SYSTEM CONTROL NUMBER
System control number 20293
040 ## - ΠΗΓΗ ΚΑΤΑΛΟΓΟΓΡΑΦΗΣΗΣ
Φορέας πρωτότυπης καταλογογράφησης MC Athens Campus Library
Γλώσσα καταλογογράφησης Ελληνικά, Μοντέρνα (1453-)
Modifying agency MC Athens Campus Library
Κανόνες περιγραφικής καταλογογράφησης AACR2
245 1# - ΤΙΤΛΟΣ ΚΑΙ ΔΗΛΩΣΗ ΥΠΕΥΘΥΝΟΤΗΤΑΣ
Τίτλος Ελληνικό Γενικό Λογιστικό Σχέδιο / Β' Έκδοση: Τροποποιημένη και Συμπληρωμένη
250 ## - EDITION STATEMENT
Edition statement
260 ## - PUBLICATION, DISTRIBUTION, ETC.
Name of publisher, distributor, etc. ΕΛΚΕΠΑ
-- Υπουργεία Εθνικής Οικονομίαςοικονομικών Εμπορίου,
Date of publication, distribution, etc. 1987
300 ## - PHYSICAL DESCRIPTION
Extent 804
520 ## - SUMMARY, ETC.
Summary, etc. Γενική Εισαγωγή, Γενική Παρουσίαση του Θεσμού των Λογιστικών Σχεδίων, Διαδικασία Καθιερώσεως και Εφαρμογής του Ελληνικού ΓΛΣ, Περιεχόμενο του Ελληνικού ΓΛΣ, Παράρτημα Γενικής Εισαγωγής, Βασικές Αρχές - Διάρθρωση του Σχεδίου Λογαριασμών, Γενική Λογιστική, Σχέδιο Λογαριασμών Γενικής Λογιστικής, Πράξεις σε Συνάλλαγμα και άλλα Συναφή Θέματα, Λογαριασμοί Τάξεως, Οικονομικές Καταστάσεις - Αριθμοδείκτες, Αναλυτική Λογιστική Εκμεταλεύσεως, Αρχές Λογισμού του Κόστους, Παράρτημα της Αναλυτικής Λογιστικής Εκμεταλεύσεως, Η Πρότυπη Κοστολόγηση, Ο Προϋπολογιστικός Έλεγχος.
942 ## - ADDED ENTRY ELEMENTS (KOHA)
Koha item type Books
Holdings
Τύπος τεκμηρίου Βιβλιοθήκη Τρέχουσα τοποθεσία Barcode Αριθμός εισαγωγής Ημερομηνία απόκτησης Ταξιθετικό σύμβολο Αριθμός αντιτύπου Κατάσταση απόσυρσης Κατάσταση χαμένου Κατάσταση κατεστραμμένου Μη δανεισμός Σύνολο δανεισμών Ημερομηνία τελευταίας εμφάνισης Η τιμή ισχύει από
Books MC Athens Campus Library MC Athens Campus Library 9780000054166 6651 05/06/2025 657.094 95 EKP 2           05/06/2025 05/06/2025

MC Athens Campus Library
Πατησίων 94 & Κοδριγκτώνος 13, 104 34
Πελλήνης 8 & Πατησίων 107, 112 51
Τ: +30 210 8899600

MC Thessaloniki Campus Library
Ίωνος Δραγούμη 21, 54625 | Ίωνος Δραγούμη 15, 54625
Τ: +30 2310 287779 – Τ: +30 2314 440300